000 01678nam a22001937a 4500
999 _c62773
_d62773
005 20251125233059.0
008 s2554 th o00| 0 tha d
040 _aNALT
086 _aสผ 32 10.5 328.32 2554
110 2 _91700
_aสำนักงานเลขาธิการสภาผู้แทนราษฎร
_bคณะกรรมการดำเนินการพัฒนาระบบข้อมูลเพื่อเสริมสร้างการเป็นศูนย์ข้อมูลนิติบัญญัติ
245 1 0 _aแผนพัฒนาระบบข้อมูลเพื่อเสริมสร้างการเป็นศูนย์ข้อมูลนิติบัญญัติ ประจำปีงบประมาณ 2554 /
_cคณะกรรมการดำเนินการพัฒนาระบบข้อมูลเพื่อเสริมสร้างการเป็นศูนย์ข้อมูลนิติบัญญัติ.
260 _aกรุงเทพฯ :
_bคณะกรรมการดำเนินการพัฒนาระบบข้อมูลเพื่อเสริมสร้างการเป็นศูนย์ข้อมูลนิติบัญญัติ,
_c2554.
300 _a32 หน้า :
_bตาราง ;
_c30 ซม.
610 2 4 _aศูนย์ข้อมูลนิติบัญญัติ
_936373
850 _aNALT
856 4 0 _uhttps://hdl.handle.net/20.500.14156/424436
_71
942 _cPAR
_01
_2local
998 _j25
_k นีลวัสน์ อินทรักษา